01009nam a2200289 i 45000010005000000030009000050050017000140080039000310150017000700400048000870460009001350800010001440800010001542450113001642600055002773000041003323800017003733880014003905000044004045040034004486580028004826500015005107000025005257000031005507100041005818560097006228344KOSZ 00520190830133915.0080118s1969 pl a f 001 0 pol aPB 1969/6971 aWA NcKOSZ 005/RWdKOSZ 005/RWdKOSZ 005/HR k1969 a620.9 a621.300aInformator energetyka :bpraca zbiorowa /c[aut. Jan Lipmann et al. ; przewodn. kom. koord. Wacław Fiszer]. aWarszawa :bWydawnictwa Naukowo-Techniczne,c1969. a1284 s., 2 k. tabl. :bil. ;c25 cm. aKsiążki. a1901-2000 aStanowi wersję dzieła wyd. w 1960 r. aBibliogr. przy rozdz. Indeks. aInżynieria i technika 4aEnergetyka1 aLipmann, Jan.eAutor1 aFiszer, Wacław.eRedakcja2 aWydawnictwa Naukowo-Techniczne4pbl. uhttp://koha.tu.koszalin.pl/cgi-bin/koha/opac-detail.pl?biblionumber=8344yKatalog online BPK